[Event "France - Open A"]
[Site "Chartres"]
[Date "2019.08.19"]
[Round "3.36"]
[White "Gonzalez, Loic"]
[Black "Llapasset, Jean-Louis"]
[Result "1/2-1/2"]
[WhiteElo "1971"]
[BlackElo "2050"]
[PlyCount "120"]
[EventDate "2019.08.??"]
[EventType "swiss"]
[EventRounds "9"]
[EventCountry "FRA"]
[WhiteTeam "AGJA-Echiquier Aquitaine"]
[BlackTeam "Echiquier Diabolique de Canohes"]

1. e4 c5 2. Nc3 a6 3. Nge2 d6 4. g3 Nc6 5. Bg2 e6 6. O-O Nge7 7. f4 g6 8. d3
Bg7 9. Be3 Nd4 10. Qd2 O-O 11. Nd1 b6 12. c3 Nxe2+ 13. Qxe2 Bb7 14. h4 Qd7 15.
Nf2 f5 16. h5 d5 17. hxg6 hxg6 18. e5 d4 19. Bd2 dxc3 20. bxc3 Rfd8 21. c4 b5
22. Be3 Rac8 23. Rfd1 b4 24. a3 Bxg2 25. Kxg2 a5 26. axb4 axb4 27. Ra5 g5 28.
Bxc5 g4 29. Rb5 Bf8 30. Bxb4 Nc6 31. Bc3 Nd4 32. Bxd4 Qxd4 33. Rh1 Bg7 34. Rb7
Rb8 35. Rxb8 Rxb8 36. Re1 Rb3 37. Qe3 Qd7 38. Rc1 Qb7+ 39. Kg1 Bf8 40. c5 Qc6
41. Kh2 Be7 42. Qe2 Kf7 43. d4 Rb4 44. Qe3 Bd8 45. Qc3 Ra4 46. Rb1 Ra2 47. Kg1
Qd5 48. c6 Ba5 49. Qb3 Qxb3 50. Rxb3 Rc2 51. Rb5 Be1 52. Nd3 Bc3 53. d5 exd5
54. Rxd5 Bd2 55. Rd7+ Ke8 56. Rd6 Ba5 57. Kf1 Rc3 58. Ke2 Rc2+ 59. Kf1 Rc3 60.
Ke2 Rc2+ 1/2-1/2

[Event "France - Open A"]
[Site "Chartres"]
[Date "2019.08.19"]
[Round "3.37"]
[White "Ribiere, Damien"]
[Black "Gueriche, Guillaume"]
[Result "1-0"]
[WhiteElo "2042"]
[BlackElo "1950"]
[PlyCount "149"]
[EventDate "2019.08.??"]
[EventType "swiss"]
[EventRounds "9"]
[EventCountry "FRA"]
[WhiteTeam "Club d'Echecs de Guyancourt"]
[BlackTeam "Lyon Olympique Echecs"]

1. e4 c5 2. a3 e6 3. b4 cxb4 4. axb4 Bxb4 5. c3 Bf8 6. d4 d5 7. e5 Nc6 8. Bd3
h5 9. h4 Nge7 10. Bg5 Qb6 11. Na3 Nf5 12. Nb5 Be7 13. Qb1 O-O 14. Qd1 Bd7 15.
Bxe7 Ncxe7 16. Nd6 Nxd6 17. exd6 Nf5 18. Rb1 Qxd6 19. Qxh5 a5 20. Nf3 Rac8 21.
O-O Rxc3 22. Rfd1 b5 23. Bxb5 Bxb5 24. Rxb5 Qa6 25. Rdb1 a4 26. Rb8 Rxb8 27.
Rxb8+ Rc8 28. Rb1 a3 29. g4 Qd3 30. Rb7 Nd6 31. Ne5 g6 32. Nxd3 gxh5 33. Ra7
Rc3 34. Ne5 Rc1+ 35. Kg2 Ra1 36. gxh5 a2 37. h6 Kh7 38. Nxf7 Nxf7 39. Rxf7+
Kxh6 40. Ra7 Kh5 41. Rh7+ Kg6 42. Ra7 Kf5 43. f3 e5 44. h5 exd4 45. h6 Rb1 46.
Rxa2 Rb7 47. Rd2 Ke5 48. Re2+ Kf6 49. Rd2 Rb4 50. Kg3 Ke5 51. h7 Rb8 52. Rh2
Rh8 53. Rh5+ Kd6 54. Kf2 Kc5 55. Ke2 Kc4 56. Kd2 d3 57. Rh4+ Kc5 58. Kxd3 Kd6
59. Kd4 Ke6 60. f4 Kf5 61. Kxd5 Rd8+ 62. Kc6 Rh8 63. Kd7 Kf6 64. Kd6 Rd8+ 65.
Kc5 Rh8 66. Kd5 Rd8+ 67. Ke4 Re8+ 68. Kf3 Rh8 69. Kg4 Kg6 70. f5+ Kf6 71. Rh6+
Kf7 72. Kg5 Kg7 73. f6+ Kf7 74. Rh2 Ke8 75. Kg6 1-0

[Event "France - Open A"]
[Site "Chartres"]
[Date "2019.08.19"]
[Round "3.38"]
[White "Maleki, Nicolas"]
[Black "Leccia, Antoine"]
[Result "1-0"]
[WhiteElo "2118"]
[BlackElo "1969"]
[PlyCount "51"]
[EventDate "2019.08.??"]
[EventType "swiss"]
[EventRounds "9"]
[EventCountry "FRA"]
[WhiteTeam "Echiquier Tourangeau"]
[BlackTeam "Corsica Chess Club"]

1. e4 e6 2. b3 d5 3. Bb2 dxe4 4. Nc3 Nf6 5. g4 Be7 6. Bg2 O-O 7. g5 Nd5 8. h4
f5 9. gxf6 Bxf6 10. Bxe4 Qe8 11. Qe2 Nc6 12. O-O-O Ncb4 13. a3 Nxc3 14. dxc3
Na2+ 15. Kb1 Nxc3+ 16. Bxc3 Bxc3 17. Qd3 Bf6 18. Bxh7+ Kh8 19. Bg6 Qc6 20. Qe2
Qc5 21. Nf3 Kg8 22. Rd3 Qxa3 23. Ne5 Bd7 24. Rxd7 Rfd8 25. Bf7+ Kf8 26. Ng6#
1-0

[Event "France - Open A"]
[Site "Chartres"]
[Date "2019.08.19"]
[Round "3.39"]
[White "Batteux, Mickael"]
[Black "Delboe, Charles"]
[Result "1-0"]
[WhiteElo "2037"]
[BlackElo "1965"]
[PlyCount "51"]
[EventDate "2019.08.??"]
[EventType "swiss"]
[EventRounds "9"]
[EventCountry "FRA"]
[WhiteTeam "Fillé sur Sarthe"]
[BlackTeam "C.E. Neuville-en-Ferrain"]

1. d4 Nf6 2. Nf3 c5 3. e3 g6 4. Bd3 Bg7 5. O-O O-O 6. Nbd2 cxd4 7. exd4 Nc6 8.
c3 d5 9. Re1 Re8 10. h3 b6 11. Nf1 Qc7 12. Ng3 Bb7 13. Be3 a6 14. Qd2 Rad8 15.
Bf4 Qc8 16. Bh6 Bh8 17. Qf4 Qb8 18. Qh4 Rc8 19. Nf5 e5 20. dxe5 Nxe5 21. Nxe5
Rxe5 22. Bf4 Rce8 23. Rxe5 Rxe5 24. Nh6+ Kf8 25. Ng4 Rh5 26. Qxf6 1-0

[Event "France - Open A"]
[Site "Chartres"]
[Date "2019.08.19"]
[Round "3.40"]
[White "Rasolo, Loick"]
[Black "Derouineau, Jacques"]
[Result "1/2-1/2"]
[WhiteElo "1965"]
[BlackElo "2037"]
[PlyCount "118"]
[EventDate "2019.08.??"]
[EventType "swiss"]
[EventRounds "9"]
[EventCountry "FRA"]
[WhiteTeam "Marseille Passion Echecs"]
[BlackTeam "C'Chartres Echecs"]

1. e4 e5 2. Nf3 d6 3. Bc4 c6 4. Bb3 Be7 5. d3 Nf6 6. Nbd2 O-O 7. Nf1 Nbd7 8.
Ng3 Nc5 9. O-O Qc7 10. Qe2 a5 11. c3 Nxb3 12. axb3 Be6 13. c4 Nd7 14. Bd2 Nc5
15. b4 axb4 16. Bxb4 Nb3 17. Ra3 Rxa3 18. Bxa3 Bg4 19. Qc2 Bxf3 20. Qxb3 Bg4
21. h3 Be6 22. Qc3 g6 23. f4 exf4 24. Rxf4 Ra8 25. Nf5 Bxf5 26. exf5 d5 27. Rf3
Bxa3 28. bxa3 Qe7 29. c5 Re8 30. fxg6 hxg6 31. d4 Qe4 32. Qd3 Kg7 33. Qxe4 dxe4
34. Rb3 Re7 35. Kf2 f5 36. a4 Kf6 37. a5 Ke6 38. g3 Kd5 39. Ke3 g5 40. Rb1 Rf7
41. Rd1 f4+ 42. Kf2 fxg3+ 43. Kxg3 e3 44. Kg4 Rf4+ 45. Kxg5 Rxd4 46. Re1 Ke4
47. h4 Rd5+ 48. Kg6 Rxc5 49. h5 Rxa5 50. h6 Ra2 51. h7 Rg2+ 52. Kf7 Rh2 53. Kg7
Rxh7+ 54. Kxh7 Kd3 55. Rd1+ Ke2 56. Rd7 Kf1 57. Rxb7 e2 58. Rf7+ Kg2 59. Re7
Kf2 1/2-1/2

[Event "France - Open A"]
[Site "Chartres"]
[Date "2019.08.19"]
[Round "3.41"]
[White "Adrian, Leopold"]
[Black "Guillerm, Mischa"]
[Result "1-0"]
[WhiteElo "1990"]
[BlackElo "1960"]
[PlyCount "101"]
[EventDate "2019.08.??"]
[EventType "swiss"]
[EventRounds "9"]
[EventCountry "FRA"]
[WhiteTeam "Vandoeuvre-Echecs"]
[BlackTeam "U.S. Orléans.Echecs"]

1. c4 e6 2. g3 d5 3. d4 Nf6 4. Bg2 Bb4+ 5. Bd2 Be7 6. Nf3 O-O 7. O-O Nbd7 8. b3
c6 9. Qc2 Ne4 10. Rd1 Nxd2 11. Nbxd2 f5 12. Ne5 Nxe5 13. dxe5 b5 14. a4 bxc4
15. bxc4 Ba6 16. e3 Rc8 17. c5 Qc7 18. Qc3 Rb8 19. f4 Rb7 20. Rdb1 Rfb8 21.
Rxb7 Rxb7 22. Ra3 Bd8 23. Nb3 Kf7 24. Nd4 Bc4 25. Ra1 Be7 26. Bf1 Bxf1 27. Kxf1
Bd8 28. Kg2 Ke7 29. a5 a6 30. Ra2 Kd7 31. Qd3 Ra7 32. Rb2 Qxa5 33. Nxf5 exf5
34. Qxf5+ Ke7 35. Rc2 Qc7 36. Qxh7 Kf8 37. e6 Bf6 38. Qh8+ Ke7 39. Qg8 Qb7 40.
Qf7+ Kd8 41. Qf8+ Kc7 42. e7 Bxe7 43. Qxe7+ Kb8 44. Qf8+ Qc8 45. Rb2+ Rb7 46.
Qxg7 Rxb2+ 47. Qxb2+ Qb7 48. Qxb7+ Kxb7 49. Kf3 a5 50. Ke2 Ka6 51. f5 1-0

[Event "France - Open A"]
[Site "Chartres"]
[Date "2019.08.19"]
[Round "3.42"]
[White "Afraoui, Solenn"]
[Black "Muller, Matthieu"]
[Result "0-1"]
[WhiteElo "1974"]
[BlackElo "1953"]
[PlyCount "76"]
[EventDate "2019.08.??"]
[EventType "swiss"]
[EventRounds "9"]
[EventCountry "FRA"]
[WhiteTeam "U.S.Villejuif Echecs"]
[BlackTeam "Mulhouse Philidor"]

1. e4 c5 2. Nf3 d6 3. d4 cxd4 4. Nxd4 Nf6 5. Nc3 a6 6. g3 e5 7. Nb3 Bg4 8. Qd3
Be7 9. Bg2 Nbd7 10. O-O b5 11. h3 Be6 12. Rd1 Nb6 13. Nd5 Nfxd5 14. exd5 Bd7
15. f4 Nc4 16. fxe5 Nxe5 17. Qe2 O-O 18. Nd4 Re8 19. Qf2 Rc8 20. Rf1 Bf6 21.
Bf4 Rc4 22. Rad1 Qb6 23. Bxe5 Rxe5 24. Nc6 Qxf2+ 25. Rxf2 Rf5 26. c3 Rxf2 27.
Kxf2 Kf8 28. Na5 Ra4 29. Nb3 Rxa2 30. Rd2 a5 31. Ke2 a4 32. Nc1 Ra1 33. Nd3 a3
34. bxa3 Bxc3 35. Rc2 Rxa3 36. g4 b4 37. Kf2 Ba4 38. Re2 Bd4+ 0-1

[Event "France - Open A"]
[Site "Chartres"]
[Date "2019.08.19"]
[Round "3.43"]
[White "Radoman, Emmanuel"]
[Black "Peltrault, Frederic"]
[Result "1/2-1/2"]
[WhiteElo "1956"]
[BlackElo "2101"]
[PlyCount "86"]
[EventDate "2019.08.??"]
[EventType "swiss"]
[EventRounds "9"]
[EventCountry "FRA"]
[WhiteTeam "Nice Alekhine"]
[BlackTeam "La tour de Juvisy"]

1. e4 e6 2. d4 d5 3. Nd2 Be7 4. Bd3 c5 5. dxc5 Nf6 6. Qe2 a5 7. Ngf3 Na6 8. e5
Nd7 9. c3 Naxc5 10. Bc2 b6 11. Qe3 Ba6 12. Nd4 Qc7 13. f4 b5 14. N2f3 g6 15.
Bd2 Rb8 16. Kf2 b4 17. g4 Ne4+ 18. Bxe4 dxe4 19. Qxe4 Bb7 20. Qc2 Rc8 21. Rhe1
O-O 22. Kg2 Qb6 23. f5 exf5 24. gxf5 Bc5 25. Qd3 Bxf3+ 26. Kxf3 Rfe8 27. e6
fxe6 28. fxg6 Rf8+ 29. Kg2 e5 30. gxh7+ Kh8 31. Nf3 Qe6 32. Qe4 Rf5 33. Kh1 Nf6
34. Qe2 Qc6 35. Rf1 Nxh7 36. cxb4 axb4 37. Rac1 Rcf8 38. Kg2 e4 39. Ne5 Rxe5
40. Rxf8+ Nxf8 41. Be3 Qg6+ 42. Kh1 Bxe3 43. Qxe3 Re7 1/2-1/2

[Event "France - Open A"]
[Site "Chartres"]
[Date "2019.08.19"]
[Round "3.44"]
[White "Afraoui, Anaelle"]
[Black "De Lussac, Estephe"]
[Result "1-0"]
[WhiteElo "2163"]
[BlackElo "1993"]
[PlyCount "57"]
[EventDate "2019.08.??"]
[EventType "swiss"]
[EventRounds "9"]
[EventCountry "FRA"]
[WhiteTeam "Clichy-Echecs-92"]
[BlackTeam "Lille Université Club Echiquier du Nord"]

1. e4 c5 2. Nf3 d6 3. d4 cxd4 4. Nxd4 Nf6 5. Nc3 g6 6. Bc4 Bg7 7. Bb3 O-O 8. h3
Nc6 9. Be3 Bd7 10. O-O a6 11. a4 Na5 12. Qd3 Nxb3 13. Nxb3 Rc8 14. a5 Be6 15.
Rfe1 Nd7 16. f4 f5 17. exf5 Bxf5 18. Qd5+ Kh8 19. g4 Nf6 20. Qxb7 Bxc2 21. Nd4
Rb8 22. Qg2 Bb3 23. Nc6 Qc7 24. Nxb8 Rxb8 25. Bb6 Qc4 26. Rxe7 d5 27. Rae1 d4
28. Ne4 Nd5 29. Nd6 1-0

[Event "France - Open A"]
[Site "Chartres"]
[Date "2019.08.19"]
[Round "3.45"]
[White "Arnaud, Aurelien"]
[Black "Destic, Pablo"]
[Result "0-1"]
[WhiteElo "2160"]
[BlackElo "1989"]
[PlyCount "68"]
[EventDate "2019.08.??"]
[EventType "swiss"]
[EventRounds "9"]
[EventCountry "FRA"]
[WhiteTeam "L'Echiquier Châlonnais"]
[BlackTeam "l'Echiquier Toulousain"]

1. d4 f5 2. Bg5 h6 3. Bh4 g5 4. e4 Bg7 5. Bc4 e6 6. exf5 gxh4 7. Qh5+ Kf8 8.
Nf3 Nf6 9. Qxh4 d5 10. Bd3 exf5 11. Ne5 Qe8 12. O-O Nc6 13. Re1 Ne4 14. Nc3 Bf6
15. Qh3 Nxd4 16. f4 Bxe5 17. fxe5 Qxe5 18. Rf1 Be6 19. Rae1 Ke7 20. Nd1 Rag8
21. c3 Nc6 22. Ne3 Rg5 23. c4 f4 24. Nxd5+ Kd8 25. Qf3 Qd4+ 26. Kh1 Bxd5 27.
Bxe4 Bxe4 28. Rxe4 Qxb2 29. Rd1+ Kc8 30. Rxf4 Rgg8 31. a3 Rd8 32. Rf1 Rhg8 33.
h3 Nd4 34. Qe4 Rde8 0-1

[Event "France - Open A"]
[Site "Chartres"]
[Date "2019.08.19"]
[Round "3.46"]
[White "Serralta, Michel"]
[Black "Calvo, Dylan"]
[Result "0-1"]
[WhiteElo "2103"]
[BlackElo "1975"]
[PlyCount "90"]
[EventDate "2019.08.??"]
[EventType "swiss"]
[EventRounds "9"]
[EventCountry "FRA"]
[WhiteTeam "USAM Echiquier Brestois"]
[BlackTeam "Echiquier Tressois"]

1. d4 b6 2. e4 e6 3. Nf3 Bb7 4. Bd3 c5 5. c3 Nf6 6. Qe2 Nc6 7. a3 Be7 8. O-O
O-O 9. Re1 Ne8 10. Nbd2 g6 11. d5 Nb8 12. c4 Ng7 13. Nf1 d6 14. Bh6 e5 15. Ne3
Bc8 16. g4 Nd7 17. Kh1 Nf6 18. Rg1 Kh8 19. Rg3 Ng8 20. Bxg7+ Kxg7 21. Rag1 Nf6
22. Nd2 Rh8 23. Qf3 h5 24. g5 Ng4 25. h4 f6 26. gxf6+ Bxf6 27. Nf5+ gxf5 28.
exf5 Kf7 29. Ne4 a6 30. R1g2 Ra7 31. Kg1 Ke8 32. Qe2 Rf7 33. f3 Nh6 34. f4 Ng4
35. Ng5 Bxg5 36. hxg5 Bxf5 37. g6 Rf6 38. fxe5 Bxd3 39. Qxd3 dxe5 40. g7 Rg8
41. Qh7 Kd7 42. Qxh5 Nh6 43. Rg6 Nf5 44. R2g5 Rxg6 45. Qxg6 Qxg5+ 0-1

[Event "France - Open A"]
[Site "Chartres"]
[Date "2019.08.19"]
[Round "3.47"]
[White "Logie, Marc"]
[Black "Saya, Ethan"]
[Result "0-1"]
[WhiteElo "1980"]
[BlackElo "2068"]
[PlyCount "80"]
[EventDate "2019.08.??"]
[EventType "swiss"]
[EventRounds "9"]
[EventCountry "FRA"]
[WhiteTeam "Club d'Echecs du Vesinet"]
[BlackTeam "Echiquier Grenoblois"]

1. d4 Nf6 2. Nf3 e6 3. Bf4 b6 4. e3 Bb7 5. Bd3 Be7 6. h3 O-O 7. O-O c5 8. c3 d6
9. Bh2 Nbd7 10. Qe2 a6 11. a4 d5 12. Nbd2 c4 13. Bc2 b5 14. e4 b4 15. e5 Ne8
16. Bf4 Bc6 17. Nh2 b3 18. Bb1 Nb6 19. Ndf3 Nxa4 20. Rxa4 Bxa4 21. h4 Bd7 22.
Ng5 f5 23. exf6 Nxf6 24. Nxe6 Bxe6 25. Qxe6+ Kh8 26. Re1 Re8 27. Qf5 Qd7 28.
Nf3 Qxf5 29. Bxf5 a5 30. Ne5 a4 31. g4 a3 32. bxa3 Rxa3 33. g5 Nh5 34. Bc1 Ra1
35. Nf3 Rf8 36. Rxe7 Rxc1+ 37. Kg2 Nf4+ 38. Kg3 Ng6 39. Bxg6 hxg6 40. Ne5 b2
0-1

[Event "France - Open A"]
[Site "Chartres"]
[Date "2019.08.19"]
[Round "3.48"]
[White "Schweitzer, Olaf"]
[Black "Venard, Gautier"]
[Result "1/2-1/2"]
[WhiteElo "2065"]
[BlackElo "1968"]
[PlyCount "187"]
[EventDate "2019.08.??"]
[EventType "swiss"]
[EventRounds "9"]
[EventCountry "FRA"]
[WhiteTeam "Championnat de France 2019"]
[BlackTeam "Vandoeuvre-Echecs"]

1. e4 e6 2. d4 d5 3. Nc3 Bb4 4. Nge2 dxe4 5. a3 Bxc3+ 6. Nxc3 Nf6 7. Bg5 Nbd7
8. Nxe4 b6 9. Bb5 Bb7 10. Bxf6 gxf6 11. Bxd7+ Kxd7 12. Qe2 Qe7 13. O-O-O Rad8
14. f3 Kc8 15. h4 Rhg8 16. Nc3 Qd6 17. Kb1 Qf4 18. Ne4 Bxe4 19. fxe4 Rg4 20.
Rhf1 Qxe4 21. Qxe4 Rxe4 22. Rxf6 Rdxd4 23. Rdf1 Rxh4 24. Rxf7 Rd2 25. Rg7 h5
26. b3 Rg4 27. Rf8+ Kb7 28. Rff7 Rxg7 29. Rxg7 Kc6 30. Rg8 a5 31. Kb2 Rf2 32.
Kc3 Kd5 33. Kd3 e5 34. Rg5 h4 35. c4+ Ke6 36. Rg8 Ra2 37. a4 Rb2 38. Kc3 Rf2
39. Kd3 Rb2 40. Kc3 Ra2 41. Kd3 Kf5 42. Rf8+ Kg4 43. Rg8+ Kf4 44. Rf8+ Kg3 45.
Rg8+ Kf2 46. Rg4 Rb2 47. Kc3 Re2 48. Rxh4 Re3+ 49. Kd2 Rxb3 50. Re4 Kxg2 51.
Rxe5 Rb4 52. Kc3 Rxa4 53. Re7 c5 54. Re6 Rb4 55. Rf6 Kg3 56. Rf1 a4 57. Rf8 Kg4
58. Kd3 Kg5 59. Kc3 Kg6 60. Kd3 Kg7 61. Rf1 a3 62. Kc3 a2 63. Ra1 Ra4 64. Kb3
Ra8 65. Kb2 Kf6 66. Rf1+ Ke5 67. Ka1 Kd4 68. Rf4+ Kc3 69. Rf6 Ra6 70. Rf4 Kb3
71. Rh4 Ra4 72. Rh6 Rxc4 73. Rxb6+ Rb4 74. Ra6 Ra4 75. Rb6+ Rb4 76. Ra6 Rh4 77.
Rb6+ Kc2 78. Rb2+ Kc3 79. Rb3+ Kc4 80. Rb8 Rh1+ 81. Kxa2 Rh2+ 82. Ka3 Rd2 83.
Rh8 Kc3 84. Rh4 c4 85. Rg4 Rd4 86. Rg2 Rd1 87. Rg3+ Rd3 88. Rg2 Rd8 89. Rg3+
Kc2 90. Kb4 Rd4 91. Rg2+ Kd3 92. Rg3+ Ke4 93. Rg4+ Ke3 94. Rg3+ 1/2-1/2

[Event "France - Open A"]
[Site "Chartres"]
[Date "2019.08.19"]
[Round "3.49"]
[White "Fischer, Thorange"]
[Black "Emmenecker, Pierre-Antoine"]
[Result "0-1"]
[WhiteElo "1979"]
[BlackElo "2021"]
[PlyCount "58"]
[EventDate "2019.08.??"]
[EventType "swiss"]
[EventRounds "9"]
[EventCountry "FRA"]
[WhiteTeam "Clichy-Echecs-92"]
[BlackTeam "Issy-Les-Moulineaux"]

1. e3 d5 2. Nf3 Nf6 3. c4 e6 4. Nc3 c5 5. cxd5 exd5 6. d4 c4 7. Bd2 Bb4 8. Ne5
O-O 9. a4 Bxc3 10. Bxc3 Ne4 11. Bb4 Re8 12. Be2 f6 13. Nf3 Nc6 14. Bc3 Na5 15.
O-O Nb3 16. Ra3 Bg4 17. Qc2 a5 18. Bd3 Bxf3 19. gxf3 Ng5 20. f4 Nf3+ 21. Kg2
Nh4+ 22. Kg3 cxd3 23. Qxd3 f5 24. f3 Qf6 25. Rg1 Qg6+ 26. Kf2 Nc1 27. Qd1 Qh5
28. Rg3 Ng6 29. h3 Nxf4 0-1

[Event "France - Open A"]
[Site "Chartres"]
[Date "2019.08.19"]
[Round "3.50"]
[White "Anes, Emmanuel"]
[Black "Hernandez, Lara"]
[Result "1-0"]
[WhiteElo "2014"]
[BlackElo "1965"]
[PlyCount "87"]
[EventDate "2019.08.??"]
[EventType "swiss"]
[EventRounds "9"]
[EventCountry "FRA"]
[WhiteTeam "L'Echiquier du Lac Enghien"]
[BlackTeam "Echiquier Agenais"]

1. e4 e6 2. d3 d5 3. Nd2 c5 4. Ngf3 Nf6 5. g3 g6 6. Bg2 Bg7 7. O-O O-O 8. c3
Nc6 9. Re1 a5 10. e5 Ng4 11. d4 cxd4 12. cxd4 f6 13. h3 Nh6 14. exf6 Qxf6 15.
Nb3 b6 16. a4 Bd7 17. Bg5 Qf7 18. g4 Kh8 19. Qd2 Ng8 20. Ne5 Nxe5 21. dxe5 h6
22. Be3 Rab8 23. f4 h5 24. Nd4 Rfc8 25. b3 Bf8 26. Rec1 Bb4 27. Qd1 Bc3 28.
Rab1 Ne7 29. Nf3 Qg7 30. Qd3 Bb4 31. Nd4 Bc5 32. Nf3 Bxe3+ 33. Qxe3 Nc6 34. Bf1
Qe7 35. Bd3 hxg4 36. hxg4 Kg7 37. Kg2 Rh8 38. Rh1 Qb4 39. Bc2 Rbf8 40. Kg3 Be8
41. f5 exf5 42. gxf5 gxf5 43. Qg5+ Bg6 44. Rxh8 1-0

[Event "France - Open A"]
[Site "Chartres"]
[Date "2019.08.19"]
[Round "3.51"]
[White "Dubuisson, Samuel"]
[Black "Prevot, Rodolphe"]
[Result "1-0"]
[WhiteElo "1996"]
[BlackElo "1933"]
[PlyCount "101"]
[EventDate "2019.08.??"]
[EventType "swiss"]
[EventRounds "9"]
[EventCountry "FRA"]
[WhiteTeam "Amicale Laique de Molinghem"]
[BlackTeam "A.A.J. Blois"]

1. f4 c5 2. Nf3 Nc6 3. b3 Nf6 4. Bb2 g6 5. e3 Bg7 6. Bb5 O-O 7. O-O d6 8. Bxc6
bxc6 9. Qe1 a5 10. a4 Nd5 11. Bxg7 Kxg7 12. d3 e6 13. Nbd2 Nb4 14. Nc4 d5 15.
Nce5 f6 16. c3 Nc2 17. Qb1 Nxa1 18. Ng4 e5 19. Nf2 exf4 20. exf4 Rb8 21. b4
axb4 22. Qxa1 Rf7 23. c4 d4 24. Ne4 Qf8 25. Qe1 Bf5 26. Nf2 Re7 27. Qd1 h5 28.
Nh4 Qc8 29. h3 Re3 30. Nxf5+ Qxf5 31. Ne4 h4 32. a5 Ra8 33. Qa4 Ra6 34. Rd1
Rxe4 35. dxe4 Qxe4 36. Rf1 Qe3+ 37. Kh2 Qd3 38. Rf3 Qxc4 39. Qa1 Qd5 40. Qe1
Rxa5 41. Qxh4 Ra2 42. Qe1 Kf7 43. Rg3 b3 44. Qb1 f5 45. h4 c4 46. h5 gxh5 47.
Qd1 Ke7 48. Qe1+ Kf6 49. Qe8 Rxg2+ 50. Rxg2 Qxg2+ 51. Kxg2 1-0

[Event "France - Open A"]
[Site "Chartres"]
[Date "2019.08.20"]
[Round "4.7"]
[White "Bordais, Benjamin"]
[Black "Veron, Cyprien"]
[Result "1-0"]
[WhiteElo "2137"]
[BlackElo "2012"]
[PlyCount "115"]
[EventDate "2019.08.??"]
[EventType "swiss"]
[EventRounds "9"]
[EventCountry "FRA"]
[WhiteTeam "A.C.L. Orbec Echecs"]
[BlackTeam "Saint Hilaire Petitville"]

1. e4 e5 2. Nf3 Nc6 3. Bc4 Nf6 4. d3 h6 5. h3 d6 6. Bb3 g6 7. O-O Bg7 8. c3 O-O
9. Qe2 Qe7 10. Re1 Nh5 11. Bd5 a5 12. Na3 Be6 13. c4 Nd8 14. g4 Nf4 15. Bxf4
exf4 16. Rad1 Bd7 17. e5 c6 18. Be4 dxe5 19. Nd2 Ne6 20. Nc2 Kh8 21. Bg2 f5 22.
Nf3 e4 23. dxe4 fxg4 24. hxg4 Nc5 25. Qd2 Bxg4 26. Qd6 Qxd6 27. Rxd6 g5 28. e5
Rfd8 29. b3 Rxd6 30. exd6 Rd8 31. Ne5 Bh5 32. Bf3 Be8 33. Bg4 Kg8 34. d7 Nxd7
35. Nxd7 Bxd7 36. Rd1 Bxg4 37. Rxd8+ Kh7 38. Kg2 Bf5 39. Ne1 g4 40. f3 h5 41.
Nd3 Bf6 42. Rd6 Be7 43. Rd4 c5 44. Rd5 gxf3+ 45. Kxf3 Bg4+ 46. Kxf4 b6 47. Nf2
Be6 48. Rxh5+ Kg6 49. Rh8 Bd6+ 50. Ke3 Kf5 51. Ra8 Bf4+ 52. Kd3 Ke5 53. Rb8
Bf5+ 54. Kc3 Be3 55. Nd1 Bd4+ 56. Kd2 Kf4 57. Rxb6 Bb1 58. a4 1-0

[Event "France - Open A"]
[Site "Chartres"]
[Date "2019.08.20"]
[Round "4.8"]
[White "Weibel, Theo"]
[Black "Spitz, Patrick"]
[Result "1-0"]
[WhiteElo "2081"]
[BlackElo "2008"]
[PlyCount "73"]
[EventDate "2019.08.??"]
[EventType "swiss"]
[EventRounds "9"]
[EventCountry "FRA"]
[WhiteTeam "Echiquier Club Le Mans"]
[BlackTeam "Cavalier de la Tourelle Saint-Mande"]

1. e4 c5 2. Nf3 e6 3. d4 cxd4 4. Nxd4 Nc6 5. Nc3 Qc7 6. Be3 a6 7. Qf3 Bb4 8.
Nde2 Nf6 9. O-O-O O-O 10. h4 b5 11. g4 Bb7 12. g5 Ne5 13. Qg2 Nh5 14. Kb1 Rac8
15. f4 Nc4 16. Bc1 g6 17. Qf3 Rfd8 18. a3 Nxa3+ 19. bxa3 Bxc3 20. Nxc3 Qxc3 21.
Bd3 d5 22. e5 b4 23. Bb2 Qc5 24. a4 Rc7 25. Rhe1 a5 26. f5 Bc6 27. fxe6 fxe6
28. Qg4 Qe7 29. Rf1 Bxa4 30. Rf6 Nxf6 31. gxf6 Qf7 32. h5 Be8 33. hxg6 hxg6 34.
Rh1 Rdc8 35. Rh6 Qh7 36. Rxh7 Kxh7 37. Qh5+ 1-0

[Event "France - Open A"]
[Site "Chartres"]
[Date "2019.08.20"]
[Round "4.9"]
[White "Tarin, Nicolas"]
[Black "Robert, Yoann"]
[Result "1/2-1/2"]
[WhiteElo "2073"]
[BlackElo "1966"]
[PlyCount "150"]
[EventDate "2019.08.??"]
[EventType "swiss"]
[EventRounds "9"]
[EventCountry "FRA"]
[WhiteTeam "Le Cavalier Noir d'Arras"]
[BlackTeam "Club d'Echecs de Sautron"]

1. e4 c5 2. Nf3 Nf6 3. Nc3 Nc6 4. d4 cxd4 5. Nxd4 e5 6. Ndb5 h6 7. Nd6+ Bxd6 8.
Qxd6 Qe7 9. Qxe7+ Kxe7 10. a3 d6 11. Bd3 Be6 12. O-O g5 13. b3 Rac8 14. Ne2 Nh5
15. g3 Bh3 16. Re1 Bg4 17. Bb2 Rhg8 18. Kg2 Be6 19. f3 Nf6 20. c4 Na5 21. Nc1
Nd7 22. Bc3 b6 23. Rb1 Nb7 24. Ne2 Nf6 25. Ba1 Nc5 26. Bc2 g4 27. Nc3 gxf3+ 28.
Kxf3 Ng4 29. h3 Nf6 30. Rh1 Rg5 31. Rbg1 Nh5 32. Bb2 Rcg8 33. g4 R8g6 34. Ke3
Nf4 35. Nd5+ Bxd5 36. exd5 Rg7 37. Rf1 h5 38. b4 Nd7 39. Rxf4 exf4+ 40. Kxf4
hxg4 41. Bxg7 Rxg7 42. hxg4 Ne5 43. Bf5 Nxc4 44. a4 Nb2 45. Rc1 Nxa4 46. Rc7+
Kf8 47. Bc2 Nb2 48. Rxa7 f6 49. Ra8+ Ke7 50. Rc8 Kd7 51. Bf5+ Ke7 52. Rc6 b5
53. Rc7+ Kf8 54. Rc8+ Ke7 55. Rb8 Nd1 56. Rxb5 Nc3 57. Rb7+ Kf8 58. Rb8+ Ke7
59. Rb7+ Kf8 60. Rxg7 Kxg7 61. Be4 Kf7 62. Kf5 Ne2 63. Bd3 Nc3 64. Bc4 Na4 65.
Ba6 Nb6 66. Bb7 Ke7 67. Kg6 Nd7 68. Kf5 Nb6 69. Bc6 Nc4 70. b5 Nb6 71. Bb7 Na4
72. Kf4 Nb6 73. Ke4 Na4 74. Bc6 Nb6 75. Kd4 Kd8 1/2-1/2

[Event "France - Open A"]
[Site "Chartres"]
[Date "2019.08.20"]
[Round "4.10"]
[White "Aumont, Alexandre"]
[Black "Berger Dit Lacroix, Kilian"]
[Result "1-0"]
[WhiteElo "2190"]
[BlackElo "1967"]
[PlyCount "91"]
[EventDate "2019.08.??"]
[EventType "swiss"]
[EventRounds "9"]
[EventCountry "FRA"]
[WhiteTeam "Les Fous du Roi"]
[BlackTeam "Echecs Club de Corbas"]

1. e4 c5 2. Nc3 Nc6 3. g3 g6 4. Bg2 Bg7 5. d3 d6 6. Be3 e5 7. Nh3 Nd4 8. O-O
Ne7 9. f4 O-O 10. Qd2 Rb8 11. Nd1 b6 12. c3 Ndc6 13. Ndf2 d5 14. fxe5 Nxe5 15.
exd5 Nxd5 16. Bh6 f6 17. Bxg7 Kxg7 18. Rad1 Be6 19. Nf4 Bg8 20. Rfe1 Re8 21.
Ne4 Qd7 22. Nxd5 Bxd5 23. Nxf6 Kxf6 24. Qf4+ Qf5 25. Bxd5 Rbd8 26. Qxf5+ gxf5
27. Bg2 Re6 28. d4 cxd4 29. cxd4 Nc4 30. Rxe6+ Kxe6 31. b3 Na3 32. d5+ Ke5 33.
Re1+ Kf6 34. Re6+ Kf7 35. Rh6 Kg7 36. Rc6 Rd7 37. Kf2 Nb5 38. Ke3 Nc7 39. Kd4
Nb5+ 40. Ke5 Re7+ 41. Re6 Rd7 42. a4 Nc3 43. Rc6 Na2 44. d6 Kf7 45. Rc7 Ke8 46.
Bc6 1-0

[Event "France - Open A"]
[Site "Chartres"]
[Date "2019.08.20"]
[Round "4.11"]
[White "Vedovotto, Nicolas"]
[Black "Boulos, Carlos"]
[Result "1-0"]
[WhiteElo "2199"]
[BlackElo "2078"]
[PlyCount "77"]
[EventDate "2019.08.??"]
[EventType "swiss"]
[EventRounds "9"]
[EventCountry "FRA"]
[WhiteTeam "L'Echiquier Châlonnais"]
[BlackTeam "J.E.E.N."]

1. Nc3 Nf6 2. e4 e5 3. f4 d5 4. fxe5 Nxe4 5. d3 Qh4+ 6. g3 Nxg3 7. Nf3 Qh5 8.
Nxd5 Nxh1 9. Nxc7+ Kd8 10. Nxa8 Bg4 11. Bg2 Nc6 12. d4 Kc8 13. Be3 Be7 14. Qe2
Bh4+ 15. Kf1 Kb8 16. Bxh1 Kxa8 17. Kg1 f6 18. Qg2 Bxf3 19. Qxf3 Qxf3 20. Bxf3
Bg5 21. Bxg5 Nxd4 22. Bd5 fxg5 23. Rd1 Ne2+ 24. Kf2 Nf4 25. Bf3 Ng6 26. e6 Re8
27. Rd7 Ne5 28. Rxg7 a6 29. Bxb7+ Kb8 30. Bd5 h6 31. c4 Ng4+ 32. Kg3 Ne3 33.
Rb7+ Kc8 34. Ra7 Kd8 35. Rxa6 Ke7 36. Kf3 Nf5 37. Ke4 Rd8 38. Ke5 Ne3 39. Ra7+
1-0